Quizzes
Events
Quiz Creation
Community
Videos
Private Events
Remove Ads
Sign In
Join for FREE
Feedback
Dark Mode
Quiz Categories
Sports
Geography
Music
Movies
Television
Just For Fun
Miscellaneous
History
Literature
Language
Science
Gaming
Entertainment
Religion
Holiday
For Kids
Quiz Lab
Recent
Popular Today
Quiz Kudos Today
Editor Picks
Curator Picks
Quizzes by...
Day
Popularity
Type
Ratings
Length
Year
Community
Subscriptions
Recent Discussions
Orange Saloon
Badges
Playlists
Quests
Create
Leaderboards
Showdown
Live 5
Trivia Bingo
Activity
Puzzle Library
Sporcle Events
Private Events
Virtual Trivia
Globe League
Become a Host
Pub Owners
SporcleCon
Opinionation
Our Games
Videos
Blog
Mobile Apps
Partnerships
Remove Ads and Go Orange
Feedback
Language
Vocabulary
Begins and Ends
Definition
Spanish
French
German
Italian
Chinese
Latin
Translation
Japanese
Language
Vocabulary
Begins and Ends
Definition
Spanish
French
German
Italian
Chinese
Latin
Translation
Japanese
Random Quiz
Search Sporcle
×
Quiz Lab
Quiz Lab
Language
Translation
Click on answers out of a set of options
Click on answers out of a set of options
Multiple Choice
Best Score? Go Orange.
Around the House (Dutch) Stats
Can you find the Dutch translations of these words related to the house?
By
mrbverhoeven
10m
15 Questions
130 Plays
130 Plays
130 Plays
Comments
Comments
Give Quiz Kudos
Give Quiz Kudos
-
- Ratings
hide this ad
Random Order
Randomize order of answers
Randomize order of answers
Replay
Link that replays current quiz
Next Quiz
Link to next quiz in quiz playlist
You Got
0%
They Got
Avg Score
77%
Avg Friend Score
Upgrade to see
Score Distribution
Jump to the score distribution portion of the page
Score
0/15
Timer
10:00
0
Plays Today
Question
Answer
Wrong Answers
the bathroom
de badkamer
91.5%
de bedkamer
0.8%
de bathkamer
4.7%
het toilet
3.1%
the kitchen
de keuken
89.9%
het kieken
1.6%
de kuchen
7.8%
het eetkamer
0.8%
the living room
de woonkamer
89.9%
het leefkamer
3.9%
de levende kamer
4.7%
de tuin
1.6%
the closet
de kast
87.6%
de keuken
2.3%
het bed
2.3%
de wc
2.3%
the shower
de douche
84.5%
het staanbad
4.7%
de handdoek
3.9%
de badkamer
1.6%
the wall
de muur
82.9%
de mier
0.8%
het maar
7.8%
de wal
7.8%
the bedroom
de slaapkamer
82.9%
de badkamer
14.7%
de zolder
0%
de keuken
1.6%
the window
het raam
78.3%
de deur
7%
de kast
6.2%
de riem
7.8%
the door
de deur
77.5%
de door
8.5%
de doer
9.3%
het dier
3.9%
the couch
de bank
76.7%
het stoel
5.4%
de kok
3.1%
de ligbed
10.9%
the garden
de tuin
76.7%
de wijngaard
4.7%
het tuin
17.1%
de muur
1.6%
the fridge
de koelkast
73.6%
de ijskas
5.4%
het cooler
9.3%
de vriezer
9.3%
the toilet
de wc
66.7%
de toilet
21.7%
het badkamer
3.1%
de kast
4.7%
the attic
de zolder
62.8%
de kelder
18.6%
de bijkeuken
10.1%
de garage
3.1%
the cooker
het fornuis
46.5%
de koker
24%
het koker
13.2%
de fornuis
13.2%
Quiz Playlist
Details
Report
Send in Message
Add To Playlist
Multiple Choice:
Click on answers out of a set of options
Random Order:
Randomize order of answers
Last Updated: Feb 16, 2017
Quiz Scoreboard
CHALLENGE
Sign Up to Join the Scoreboard
Show All
Scores
Hide
Comments
May contain spoilers
Recently Published
An Introduction to Baseball
by treessimontrees
Sports
5m
Movies - When Are They Set?
by FPL_Elf
Movies
5m
Popular People in 1961
by mucciniale
History
6m
More to Explore
Quiz From the Vault
Featured Blog Post
Where Did the Easter Bunny Come From?
hide this ad
You Might Also Like...
Tags
Translation Quiz
dutch
house
Related
Today's Top Quizzes in Language
Browse Language
hide this ad
Today's Top Quizzes in Translation
Browse Translation
Top Contributed Quizzes in Language
1
1-10 Letter F Words III
2
Order Up: Top 10 Most Native Spoken Languages
3
1-10 Letter G Words III
4
1-10 Letter H Words III
5
One Thing in Common: Italy
6
1-10 Letter I Words III
7
Weisst du, aus welchen Sprachen diese Wörter stammen?
8
1-10 Letter J Words III
9
Begins and Ends With AN
10
Hiragana Speed Reading
Explore More
Trending Topics
Disney
Harry Potter
Marvel
NBA
Crossword
Kpop
Anime
The Office
Puzzle
Country
Pokémon
Song
NFL
WWE
Soccer
hide this ad
More By:
mrbverhoeven
Quiz
Plays
Rating
Category
Featured
Created
Around the House (Dutch)
130
5.00
Language
Dec 13, 2016
What you can do with your voice in Dutch
71
5.00
Language
Nov 30, 2016
Go to Creator's Profile
Score Distribution
Quiz Creator Spotlight
mrbverhoeven
Follow
Send a Message
Quizzes Created
-
Created Quiz Play Count
-
More By This Creator
Popular Quizzes Today
1
Find the Countries of Europe - No Outlines Minefield
2
Find the US States - No Outlines Minefield
3
The Countries of the World
4
Popular People in 1961
5
US States
6
1-10 Letter E Words III
7
Find the US States
8
One Thing in Common: World Cities II
More Language Quizzes
Body Parts in 4 Languages
Published
Trending Quizzes
Risky Map Clicking: Least Populous States A-Z
1-10 Letter F Words
1-10 Letter G Words
One Thing in Common: United Kingdom
Risky Map Clicking: Next State Alphabetically
Recently Updated
Leaping Animals
pecheneg
Reality TV Shows (A-Z)
bhenderson79
Rickey Henderson's Hall of Fame Teammates
pecheneg
Champions League XIs: Arsenal
pecheneg
Quick Pick: Celebrities in WWE's Hall of Fame
aduchscher
A-Z Keypad Blitz II
pecheneg
Multiple Oscar Actors
pecheneg
Mystery Phrase Blitz: Oscar 'Best Actors'
pecheneg
F. Scott Fitzgerald Novels
LTH
Pick 3 Villains
ddd62291
Trending Topics
Marvel
Harry Potter
Anime
Crossword
Disney
Kpop
NBA
Song
The Office
Pokémon
WWE
Puzzle
Soccer
NFL
Country
Your Account Isn't Verified!
In order to create a playlist on Sporcle, you need to verify the email address you used during registration. Go to your
Sporcle Settings
to finish the process.
Report this User
Report this user for behavior that violates our
Community Guidelines
.
Details:
Send Report
Go to the Sporcle.com Mobile Site →
Comments